Legacies (CW) Quiz: Hard - Statistics

General Stats
  • This quiz has been taken 500 times
    210 since last reset
  • The average score is 20 of 78
Answer Stats
Question Answer % Correct
Can gargoyles harm humans? No
82%
Who set Hope's old dorm on fire? Josie
75%
In episode 1x11, who got slugged first? Hope
73%
Who killed Landon, revealing him to be a supernatural? MG
73%
Who did Rafael kill, turning him into a werewolf? His girlfriend
70%
Who found out about The Merge first? Lizzie
69%
True or False? Sebastian isn't real? False
64%
On purpose or accident? ^ Accident
63%
What was the first monster that came for the knife? Dragon
63%
Who gave Caroline's dress to her? Klaus
63%
What supernatural being is he? ^ Phoenix
63%
What is the name of the company that owns Malivore? Triad
63%
How do you trigger the werewolf curse? Kill someone
61%
Who's trapped inside? ^ Kai
57%
What kills Hope and Lizzie the first time? Car
56%
About how many times did Hope and Lizzie die in the game in episode 2x05? 10
52%
What is the ascendant a lock for? A prison world
50%
What is the name of Landon's half brother? Clarke
47%
What is the cure to the bullet? ^ Hope's blood
46%
What is Freya's son's name? Nick
43%
What color is the dress that Josie wears at the end of 1x11? Blue
42%
What supernatural being is Wade? Fairy
40%
Who said it? "Too late." Landon
40%
Who is Hope's new roommate? Alyssa
39%
In the season finale, Josie gets shot. Where did the bullet come from? Malivore
39%
Which monster had the same bite pattern as a vampire? Spider
36%
What was the monster that appeared in episodes 1x06 and 1x07? Necromancer
35%
Who is the Necromancers assistant? Chad
27%
How does Lizzie describe herself? Broken
24%
What is the one thing that can kill a phoenix? Golden Arrow
23%
What does Landon forget when him and Josie are "dancing"? Condom
22%
What is the gamekeeper's pet? Minotaur
21%
Hope gave Josie a necklace for her birthday. What does the necklace do? Makes quiet things heard
19%
What does the Croatoan hunt? Secrets
19%
What color is the pig's tie in Josie's subconcious? Yellow
19%
What is the name of the team that Hope is playing for? Timberwolves
18%
What is in the school tunnels that controls all of the magic? Blood fountain
17%
What is the demon called in episode 2x04? Oni
17%
How did Hope describe her relationship with Landon? Epic
15%
Who is Ethan played by? Leo Howard
15%
What kills Hope and Lizzie the third time? Hairdryer
14%
Solve the riddle. There are two sisters. One gives birth to the other. And the other, in turn, gives birth to the first. Who are they? Night and Day
14%
Who was Lizzie talking to at the end of episode 1x10? Pedro
14%
What is the first monster that comes back in 2x02? Cyclops
13%
Who, besides Sebastian, stays in the prison world? Diego
11%
Fourth time? Land Mine
11%
What did Clarke wish for? A Savior
10%
What is the name of the bar in the simulation? ^ Landon's
9%
What is the new Headmaster's name? Professor Vardemus
9%
What colony is the Croatoan from? Roanoke
9%
What does Landon call ewoks? Teddy Bears
9%
What does the banner say when Josie reveals it? Happy Merge Day
8%
What bit Josie in episode 1x12? Hornet
8%
What does "kurutta" mean in Japanese? Crazed
7%
What's the alternate way to get out of the game? Kill the minotaur
7%
What is the wolf-like monster in episode 2x03? Shunka
7%
Josie and Hope defeat the gargoyle with a chant. What did they say? Flatas Impulsa
6%
What is the monsters name in episode 2x11? Pothos
6%
Which classroom did Hope mention she couldn't find? Spell Lab
6%
What is the jinni's name in 1x10? Ablah
5%
What song is Kai singing when he appears on the TV? All By Myself
5%
What was the theme of the simulation in episode 2x14? Film Noir
5%
When the school is fighting Triad, what did the witches turn their guns into? Flower petals
5%
What's the hunters name? Frank
5%
What is the name of episode 2x12? Kai Parker Screwed Us
5%
What kind of vampire is Sebastian? OG
5%
In 1x03, a gargoyle raids the school. What was the gargoyles name? Petrotho
5%
Which book is MG reading? ^ The Flash
5%
What was the title of the book that MG gets Josie for her birthday? 101 Fairy Tales
4%
What kind of car does Santa give Kaleb? 75 Vette
4%
What was Pedro carrying as a weapon before Josie took it from him? Candy Cane Stake
4%
What is his weakness? ^ Devil's Ivy
4%
What was the name of Alyssa's stuffed animal? Mr. Wrinkles
4%
The "Super Squad" consists of Pedro, Kaleb, Wade, Landon, and who else? Druscilla
3%
What does Josie plan at 7:30? Finger Foods
3%
What is the monster of episode 2x07? Sphynx
3%
What book is Lizzie reading with MG? Crisis on Infinite Earths
1%
What is the temple called in Alaric's simulation? Lost Temple of Potest
1%
No matching quizzes found
Score Distribution
Percent of People with Each Score
Percentile by Number Answered
Your Score History
You have not taken this quiz since the last reset